<?xml version="1.0" encoding="UTF-8"?>
<record
    xmlns:xsi="http://www.w3.org/2001/XMLSchema-instance"
    xsi:schemaLocation="http://www.loc.gov/MARC21/slim http://www.loc.gov/standards/marcxml/schema/MARC21slim.xsd"
    xmlns="http://www.loc.gov/MARC21/slim">

  <leader>01478nam a22002657a 4500</leader>
  <datafield tag="999" ind1=" " ind2=" ">
    <subfield code="c">170073</subfield>
    <subfield code="d">170073</subfield>
  </datafield>
  <controlfield tag="005">20191210160602.0</controlfield>
  <datafield tag="010" ind1=" " ind2=" ">
    <subfield code="a">B-066542</subfield>
  </datafield>
  <datafield tag="020" ind1=" " ind2=" ">
    <subfield code="c">80.00</subfield>
  </datafield>
  <datafield tag="035" ind1=" " ind2=" ">
    <subfield code="a">B-066542</subfield>
  </datafield>
  <datafield tag="037" ind1=" " ind2=" ">
    <subfield code="b">&#x906;&#x930;&#x94D;&#x92F; &#x92A;&#x92C;&#x94D;&#x932;&#x93F;&#x915;&#x947;&#x936;&#x928;&#x94D;&#x938;</subfield>
  </datafield>
  <datafield tag="082" ind1=" " ind2=" ">
    <subfield code="a">380</subfield>
    <subfield code="b">&#x91B;&#x93E;&#x92C;&#x921;&#x93C;&#x93E; </subfield>
  </datafield>
  <datafield tag="100" ind1=" " ind2=" ">
    <subfield code="a">&#x91B;&#x93E;&#x92C;&#x921;&#x93C;&#x93E;, &#x91F;&#x940;.&#x90F;&#x928;.</subfield>
  </datafield>
  <datafield tag="245" ind1=" " ind2=" ">
    <subfield code="a">&#x935;&#x94D;&#x92F;&#x935;&#x938;&#x93E;&#x92F; &#x905;&#x927;&#x94D;&#x92F;&#x92F;&#x928; : </subfield>
    <subfield code="c">&#x91F;&#x940;.&#x90F;&#x928;.&#x91B;&#x93E;&#x92C;&#x921;&#x93C;&#x93E; ; &#x905;&#x928;&#x941;&#x935;&#x93E;&#x926;&#x915; &#x92E;&#x940;&#x930;&#x93E; &#x930;&#x902;&#x91C;&#x928; </subfield>
    <subfield code="b">&#x935;&#x94D;&#x92F;&#x935;&#x938;&#x93E;&#x92F; &#x915;&#x947; &#x906;&#x927;&#x93E;&#x930; &#x924;&#x925;&#x93E; &#x915;&#x902;&#x92A;&#x928;&#x940; &#x938;&#x902;&#x917;&#x920;&#x928; , &#x935;&#x93F;&#x924;&#x94D;&#x924; &#x90F;&#x935;&#x902; &#x935;&#x94D;&#x92F;&#x93E;&#x935;&#x93E;&#x92A;&#x930; /</subfield>
  </datafield>
  <datafield tag="246" ind1=" " ind2=" ">
    <subfield code="a">vyavasay adhyayan : vyavasay ke adhar tatha company sangathan vitt evam vyapar /</subfield>
    <subfield code="b">by T.N. Chabara ; anuvadak Meera Ranjan</subfield>
  </datafield>
  <datafield tag="260" ind1=" " ind2=" ">
    <subfield code="a">&#x928;&#x908; &#x926;&#x93F;&#x932;&#x94D;&#x932;&#x940;  </subfield>
    <subfield code="b">&#x906;&#x930;&#x94D;&#x92F; &#x92A;&#x92C;&#x94D;&#x932;&#x93F;&#x915;&#x947;&#x936;&#x928;&#x94D;&#x938;</subfield>
    <subfield code="c">2002</subfield>
  </datafield>
  <datafield tag="270" ind1=" " ind2=" ">
    <subfield code="b">&#x928;&#x908; &#x926;&#x93F;&#x932;&#x94D;&#x932;&#x940;  </subfield>
    <subfield code="a">30, &#x928;&#x93E;&#x908;&#x935;&#x93E;&#x932;&#x93E; , &#x915;&#x930;&#x94B;&#x932; &#x92C;&#x93E;&#x917;,</subfield>
    <subfield code="e">110005 </subfield>
  </datafield>
  <datafield tag="300" ind1=" " ind2=" ">
    <subfield code="a">330&#x92A;&#x943;.</subfield>
    <subfield code="c">22&#x938;&#x947;&#x92E;&#x940;(&#x938;&#x91C;&#x93F;&#x932;&#x94D;&#x926; ) </subfield>
  </datafield>
  <datafield tag="650" ind1=" " ind2=" ">
    <subfield code="a">&#x935;&#x94D;&#x92F;&#x935;&#x938;&#x93E;&#x92F; &#x905;&#x927;&#x94D;&#x92F;&#x92F;&#x928;</subfield>
    <subfield code="x"> </subfield>
    <subfield code="z"> </subfield>
  </datafield>
  <datafield tag="650" ind1=" " ind2=" ">
    <subfield code="a">&#x915;&#x902;&#x92A;&#x928;&#x940; &#x938;&#x902;&#x917;&#x920;&#x928;</subfield>
  </datafield>
  <datafield tag="650" ind1=" " ind2=" ">
    <subfield code="a">Business Studies</subfield>
  </datafield>
  <datafield tag="650" ind1=" " ind2=" ">
    <subfield code="a">Company organization</subfield>
  </datafield>
  <datafield tag="700" ind1=" " ind2=" ">
    <subfield code="a">&#x930;&#x902;&#x91C;&#x928; &#x92E;&#x940;&#x930;&#x93E; </subfield>
    <subfield code="9">109179</subfield>
  </datafield>
  <datafield tag="942" ind1=" " ind2=" ">
    <subfield code="2">ddc</subfield>
    <subfield code="c">HN</subfield>
    <subfield code="h">380 </subfield>
    <subfield code="m">&#x91B;&#x93E;&#x92C;&#x921;&#x93C;&#x93E; </subfield>
  </datafield>
  <datafield tag="952" ind1=" " ind2=" ">
    <subfield code="0">0</subfield>
    <subfield code="1">0</subfield>
    <subfield code="4">0</subfield>
    <subfield code="7">0</subfield>
    <subfield code="8">NFIC</subfield>
    <subfield code="a">ZLS</subfield>
    <subfield code="b">ZLS</subfield>
    <subfield code="d">2019-12-10</subfield>
    <subfield code="g">80.00</subfield>
    <subfield code="l">1</subfield>
    <subfield code="o">380  &#x91B;&#x93E;&#x92C;&#x921;&#x93C;&#x93E;</subfield>
    <subfield code="p">B-066542</subfield>
    <subfield code="r">2020-08-27 00:00:00</subfield>
    <subfield code="s">2020-03-17</subfield>
    <subfield code="t">1</subfield>
    <subfield code="v">80.00</subfield>
    <subfield code="w">2019-12-10</subfield>
    <subfield code="y">HN</subfield>
  </datafield>
</record>
